00755 2200289 4500001002100000005001700021008004100038035002400079040001200103082001100115090001800126100001200144245004400156250002100200260003500221300003100256650001000287850001200297990002100309990002100330990002100351990002100372990001800393990001800411990001800429990001800447YOGYA-0209000007134320090227093533.0 ind  0010-020900000071343 aYOPDYOG a633.34 a633.34bSet J aSETIADI aJenis dan budidaya cabai rawitcSetiadi aEd. rev, cet. 13 aJakartabPenebar Swadayac2006 aviii, 112 hlmbilusc21 cm aCabai aYOPDYOG a33917-PD/A.08b1 a33918-PD/A.08b1 a33919-PD/A.08b1 a33920-PD/A.08b1 a33918/PD-A.08 a33917-PD/A.08 a33919/PD-A.08 a33920/-A.08PD